Countries Without the Letters in "MOROCCO" - Statistics

General Stats
  • This quiz has been taken 10 times
    6 since last reset
  • The average score is 36 of 46
Answer Stats
Continents Countries % Correct
Africa Egypt
100%
Europe Italy
100%
Asia Japan
100%
Africa Tunisia
100%
Asia Afghanistan
80%
Europe Albania
80%
North America Belize
80%
Africa Benin
80%
Asia Bhutan
80%
Africa Eswatini
80%
Oceania Fiji
80%
Europe Finland
80%
Africa Ghana
80%
South America Guyana
80%
North America Haiti
80%
Asia India
80%
Africa Kenya
80%
Asia Kuwait
80%
Europe Latvia
80%
Europe Lithuania
80%
Asia Nepal
80%
Oceania New Zealand
80%
Asia Pakistan
80%
Oceania Palau
80%
Oceania Papua New Guinea
80%
North America Saint Kitts and Nevis
80%
Africa Senegal
80%
Europe Spain
80%
Europe Sweden
80%
Asia Taiwan
80%
Asia Tajikistan
80%
Asia Thailand
80%
Oceania Tuvalu
80%
North America United States
80%
Asia Uzbekistan
80%
Oceania Vanuatu
80%
South America Venezuela
80%
Asia Bangladesh
60%
Africa Guinea
60%
Africa Guinea-Bissau
60%
Asia Kazakhstan
60%
Africa Libya
60%
Asia Philippines
60%
Africa Tanzania
60%
Africa Uganda
60%
Africa Sudan
40%
No matching quizzes found
Score Distribution
Percent of People with Each Score
Percentile by Number Answered
Your Score History
You have not taken this quiz since the last reset